Central Library OPAC University of Rajshahi

Project management / (Record no. 53155)

MARC details
000 -LEADER
fixed length control field 00691nam a2200241 a 4500
001 - CONTROL NUMBER
control field 53155
003 - CONTROL NUMBER IDENTIFIER
rucl marc code BD-RJUL
005 - DATE AND TIME OF LATEST TRANSACTION
control field 20211209075922.0
008 - FIXED-LENGTH DATA ELEMENTS--GENERAL INFORMATION
fixed length control field 890629s20082007nyu b 001 0 eng d
035 ## - SYSTEM CONTROL NUMBER
System control number (BD-RjUL)53275
040 ## - CATALOGING SOURCE
Original cataloging agency BD-RjUL
Language of cataloging eng
Transcribing agency BD-RjUL
041 ## - LANGUAGE CODE
Language code of text/sound track or separate title eng
082 ## - DEWEY DECIMAL CLASSIFICATION NUMBER
Classification number 658.404
Edition number 19
Author mark and year PAP 2008
100 1# - MAIN ENTRY--PERSONAL NAME
Personal name Patel, Bhavesh M
9 (RLIN) 158891
245 10 - TITLE STATEMENT
Title Project management /
Statement of responsibility, etc. Bhavesh M Patel
260 ## - PUBLICATION, DISTRIBUTION, ETC. (IMPRINT)
Place of publication, distribution, etc. New York ;
-- Chichester :
Name of publisher, distributor, etc. Wiley,
Date of publication, distribution, etc. 2007 [reprint 20008]
300 ## - PHYSICAL DESCRIPTION
Pagination xv, 666 p. :
Illustrations ill. ;
Size 24 cm
500 ## - GENERAL NOTE
General note Includes index
504 ## - BIBLIOGRAPHY, ETC. NOTE
Bibliography, etc Includes bibliographies
650 #0 - SUBJECT ADDED ENTRY--TOPICAL TERM
Topical term or geographic name as entry element Project management.
9 (RLIN) 117612
942 ## - ADDED ENTRY ELEMENTS (KOHA)
Source of classification or shelving scheme Dewey Decimal Classification
Koha item type Books
Holdings
Lost status Source of classification or shelving scheme Damaged status Not for loan Collection code Permanent Location Current Location Shelving location Date acquired Source of acquisition Cost, normal purchase price Total Checkouts Full call number Date last seen Copy number Koha item type
  Dewey Decimal Classification     Non-fiction Central Library, University of Rajshahi Central Library, University of Rajshahi   12/05/2011 Paragon Enterprises Dhaka 350.00   658.404 PAP 2008 03/10/2016 C-2 Books